[Event "Boxer mem."]
[Site "Winnipeg CAN"]
[Date "2012.10.20"]
[Round "1"]
[White "Wasserman, Leor"]
[Black "Gentes, Kevin"]
[Result "0-1"]
[WhiteElo "2006"]
[BlackElo "2253"]
[PlyCount "57"]
[GameId "2160767909411698"]
[EventDate "2012.10.20"]
[EventType "swiss"]
[EventRounds "5"]
[EventCountry "CAN"]
[SourceTitle "EXT 2022"]
[Source "ChessBase"]
[SourceDate "2021.10.06"]
[SourceVersion "1"]
[SourceVersionDate "2021.10.06"]
[SourceQuality "1"]

1. e4 c5 2. Nf3 d6 3. d4 cxd4 4. Nxd4 Nf6 5. Nc3 a6 6. Bc4 e6 7. O-O b5 8. Bd3 Bb7 9. Bg5 Nbd7 10. Re1 Qb6 11. Nf3 b4 12. Ne2 Be7 13. Ng3 O-O 14. Qd2 Rfe8 15. e5 dxe5 16. Nxe5 Nxe5 17. Rxe5 Rad8 18. Qe2 Qd4 19. Rd1 Qxb2 20. Nf5 Rd5 21. Nxe7+ Rxe7 22. Rxd5 Bxd5 23. Bxa6 Qxa2 24. Bxf6 gxf6 25. Qg4+ Kf8 26. Bd3 b3 27. Bxh7 Rc7 28. cxb3 Qxb3 29. Rb1 0-1

[Event "Boxer mem."]
[Site "Winnipeg CAN"]
[Date "2012.10.20"]
[Round "2"]
[White "Baron, Cody"]
[Black "Leaden, Bruce"]
[Result "1-0"]
[WhiteElo "1746"]
[BlackElo "1567"]
[PlyCount "73"]
[GameId "2160767909411699"]
[EventDate "2012.10.20"]
[EventType "swiss"]
[EventRounds "5"]
[EventCountry "CAN"]
[SourceTitle "EXT 2022"]
[Source "ChessBase"]
[SourceDate "2021.10.06"]
[SourceVersion "1"]
[SourceVersionDate "2021.10.06"]
[SourceQuality "1"]

1. e4 c5 2. Nf3 g6 3. d4 cxd4 4. Nxd4 Nc6 5. Nc3 Bg7 6. Be3 Nf6 7. Qd2 O-O 8. f3 d5 9. Nxc6 bxc6 10. O-O-O Bb7 11. Bh6 dxe4 12. Bxg7 Qxd2+ 13. Rxd2 Kxg7 14. fxe4 Rfd8 15. Bd3 e5 16. h4 h5 17. Rf1 Ng4 18. Re2 f6 19. Na4 a5 20. Nc5 Bc8 21. Ree1 a4 22. a3 Ra5 23. b4 axb3 24. Nxb3 Rxa3 25. Kb2 Ra7 26. Ra1 Rxa1 27. Rxa1 Be6 28. Nc5 Bg8 29. Ra7+ Kh6 30. Rc7 Rb8+ 31. Kc3 Nf2 32. Rxc6 Nxd3 33. Kxd3 Rb1 34. Nd7 Rf1 35. g3 f5 36. Ke2 Ra1 37. Nxe5 1-0

[Event "Boxer mem."]
[Site "Winnipeg CAN"]
[Date "2012.10.20"]
[Round "2"]
[White "Boron, Anthony"]
[Black "Moncal, Nilo"]
[Result "1/2-1/2"]
[WhiteElo "2037"]
[BlackElo "2105"]
[PlyCount "88"]
[GameId "2160767909411700"]
[EventDate "2012.10.20"]
[EventType "swiss"]
[EventRounds "5"]
[EventCountry "CAN"]
[SourceTitle "EXT 2022"]
[Source "ChessBase"]
[SourceDate "2021.10.06"]
[SourceVersion "1"]
[SourceVersionDate "2021.10.06"]
[SourceQuality "1"]

1. e4 e6 2. d4 d5 3. exd5 exd5 4. c4 Nf6 5. Nc3 Be7 6. Be3 O-O 7. Bd3 dxc4 8. Bxc4 c6 9. Nge2 Nbd7 10. O-O Nb6 11. Bd3 Re8 12. a3 Nfd5 13. Qc2 h6 14. Rae1 Bd6 15. Ne4 Bc7 16. Bc1 Bg4 17. N2g3 Nf4 18. Be3 Nbd5 19. Nc3 Nxd3 20. Qxd3 Qf6 21. Nxd5 cxd5 22. Rc1 Bb6 23. h3 Bd7 24. Nh5 Qf5 25. Qxf5 Bxf5 26. g4 Be4 27. Ng3 Bg6 28. Rc3 Rac8 29. Rfc1 Rxc3 30. Rxc3 Kf8 31. Kg2 Ke7 32. Ne2 Kd7 33. Nf4 Kd6 34. Nxg6 fxg6 35. Bf4+ Kd7 36. Be5 Re7 37. f4 Rf7 38. b4 Kd8 39. Kg3 Rd7 40. h4 Bc7 41. Rc5 Bb6 42. Rc2 Bc7 43. a4 a6 44. a5 Bd6 1/2-1/2

[Event "Boxer mem."]
[Site "Winnipeg CAN"]
[Date "2012.10.20"]
[Round "2"]
[White "Gentes, Kevin"]
[Black "Kaptsan, Aron"]
[Result "1/2-1/2"]
[WhiteElo "2253"]
[BlackElo "2087"]
[PlyCount "56"]
[GameId "2160767909411701"]
[EventDate "2012.10.20"]
[EventType "swiss"]
[EventRounds "5"]
[EventCountry "CAN"]
[SourceTitle "EXT 2022"]
[Source "ChessBase"]
[SourceDate "2021.10.06"]
[SourceVersion "1"]
[SourceVersionDate "2021.10.06"]
[SourceQuality "1"]

1. d4 Nf6 2. c4 e6 3. Nc3 d5 4. Bg5 Be7 5. e3 c6 6. Nf3 Nbd7 7. Qc2 Nf8 8. Bd3 dxc4 9. Bxc4 Ng6 10. O-O h6 11. Bf4 Nxf4 12. exf4 Nd5 13. g3 O-O 14. Rad1 b6 15. Ne5 Bb7 16. f5 exf5 17. Qxf5 Qc8 18. Qf3 Nf6 19. Rfe1 c5 20. d5 Bd6 21. Nb5 Bxe5 22. Rxe5 Qd7 23. Nc3 a6 24. a4 Rae8 25. Rde1 Rxe5 26. Rxe5 Re8 27. Qe2 Rxe5 28. Qxe5 Qe8 1/2-1/2

[Event "Boxer mem."]
[Site "Winnipeg CAN"]
[Date "2012.10.20"]
[Round "2"]
[White "Melamedoff, Gustavo"]
[Black "Li, Kevin"]
[Result "0-1"]
[WhiteElo "2097"]
[BlackElo "2220"]
[PlyCount "126"]
[GameId "2160767909411702"]
[EventDate "2012.10.20"]
[EventType "swiss"]
[EventRounds "5"]
[EventCountry "CAN"]
[SourceTitle "EXT 2022"]
[Source "ChessBase"]
[SourceDate "2021.10.06"]
[SourceVersion "1"]
[SourceVersionDate "2021.10.06"]
[SourceQuality "1"]

1. e4 c5 2. Nf3 g6 3. c3 Bg7 4. d4 cxd4 5. cxd4 d6 6. Bb5+ Bd7 7. Bxd7+ Qxd7 8. O-O Nc6 9. Nc3 Nf6 10. h3 O-O 11. Qe2 Rac8 12. Rd1 d5 13. e5 Ne8 14. Ng5 Nc7 15. f4 b5 16. Qf2 h6 17. Nf3 Rb8 18. Be3 b4 19. Ne2 Rfc8 20. Nh4 e6 21. g4 Ne7 22. Ng3 f5 23. gxf5 exf5 24. Nf3 Ne6 25. h4 Rf8 26. Kh1 g5 27. hxg5 hxg5 28. Nh5 g4 29. Nxg7 Kxg7 30. Nh4 Rh8 31. Kg2 Kf7 32. Rh1 Ng7 33. Qd2 Rhc8 34. Rac1 Qb5 35. Rc5 Rxc5 36. dxc5 Qc4 37. Rc1 Qe4+ 38. Kg1 Rh8 39. Ng2 g3 40. Qc2 Qf3 41. Qd1 Qe4 42. Qc2 Ne6 43. Qxe4 fxe4 44. Rd1 d4 45. Bd2 Nxc5 46. Bxb4 Nd3 47. Be1 Nf5 48. b4 Rh2 49. Bxg3 Rxg2+ 50. Kxg2 Ne3+ 51. Kh3 Nxd1 52. f5 N1f2+ 53. Kg2 Ng4 54. e6+ Ke8 55. Kh3 Ndf2+ 56. Kg2 e3 57. Kf3 d3 58. f6 d2 59. f7+ Ke7 60. Bd6+ Kxe6 61. f8=Q d1=Q+ 62. Kg2 Qd5+ 63. Kf1 Qh1+ 0-1

[Event "Boxer mem."]
[Site "Winnipeg CAN"]
[Date "2012.10.20"]
[Round "2"]
[White "Pang, Michael"]
[Black "Gannon, Keith"]
[Result "1-0"]
[WhiteElo "1904"]
[BlackElo "1632"]
[PlyCount "41"]
[GameId "2160767909411703"]
[EventDate "2012.10.20"]
[EventType "swiss"]
[EventRounds "5"]
[EventCountry "CAN"]
[SourceTitle "EXT 2022"]
[Source "ChessBase"]
[SourceDate "2021.10.06"]
[SourceVersion "1"]
[SourceVersionDate "2021.10.06"]
[SourceQuality "1"]

1. e4 e5 2. Nf3 d6 3. h3 Nf6 4. Nc3 Be7 5. Bc4 O-O 6. d3 Nc6 7. O-O Bd7 8. a3 a6 9. Be3 b5 10. Ba2 Re8 11. Ng5 Rf8 12. f4 exf4 13. Bxf4 Nd4 14. Be3 Ne6 15. d4 Nxg5 16. Bxg5 c5 17. e5 dxe5 18. dxe5 Ne8 19. Rxf7 Rxf7 20. Qd5 Bxg5 21. Qxf7+ 1-0

[Event "Boxer mem."]
[Site "Winnipeg CAN"]
[Date "2012.10.20"]
[Round "2"]
[White "Platt, Alex"]
[Black "Campbell, Jamie"]
[Result "1-0"]
[WhiteElo "1668"]
[BlackElo "2204"]
[PlyCount "54"]
[GameId "2160767909411704"]
[EventDate "2012.10.20"]
[EventType "swiss"]
[EventRounds "5"]
[EventCountry "CAN"]
[SourceTitle "EXT 2022"]
[Source "ChessBase"]
[SourceDate "2021.10.06"]
[SourceVersion "1"]
[SourceVersionDate "2021.10.06"]
[SourceQuality "1"]

1. e4 d6 2. d4 Nf6 3. Nc3 g6 4. Bc4 Bg7 5. f4 Nxe4 6. Nxe4 d5 7. Bb3 dxe4 8. Be3 O-O 9. Ne2 Nd7 10. Qd2 Nf6 11. h3 h5 12. O-O-O b5 13. Ng3 a5 14. a3 e6 15. Ne2 Bb7 16. Rdg1 Bd5 17. g4 Bxb3 18. cxb3 b4 19. f5 bxa3 20. bxa3 exf5 21. gxf5 Qd5 22. fxg6 Qxb3 23. gxf7+ Rxf7 24. Nf4 Qxa3+ 25. Kd1 Rb8 26. Qc1 Rb2 27. Rg2 Qb3+ 1-0

[Event "Boxer mem."]
[Site "Winnipeg CAN"]
[Date "2012.10.20"]
[Round "2"]
[White "Reimer, Bruce"]
[Black "Wasserman, Leor"]
[Result "0-1"]
[WhiteElo "1568"]
[BlackElo "2006"]
[PlyCount "62"]
[GameId "2160767909411705"]
[EventDate "2012.10.20"]
[EventType "swiss"]
[EventRounds "5"]
[EventCountry "CAN"]
[SourceTitle "EXT 2022"]
[Source "ChessBase"]
[SourceDate "2021.10.06"]
[SourceVersion "1"]
[SourceVersionDate "2021.10.06"]
[SourceQuality "1"]

1. c4 c5 2. g3 g6 3. Bg2 Bg7 4. Nc3 Nc6 5. e3 e6 6. Nge2 Nge7 7. O-O d5 8. cxd5 exd5 9. d4 c4 10. Nf4 Be6 11. Nxe6 fxe6 12. Bh3 Qd7 13. b3 cxb3 14. axb3 O-O 15. Ba3 Rf6 16. Ne2 Nf5 17. g4 Nd6 18. g5 Rf7 19. Nf4 Nf5 20. Kh1 Nfxd4 21. exd4 Rxf4 22. Bb2 Bxd4 23. Re1 Re8 24. Bxd4 Rxd4 25. Qe2 Re4 26. Qb5 Rxe1+ 27. Rxe1 Qf7 28. Qe2 e5 29. Bg2 e4 30. f3 Nd4 31. Qe3 Nc2 0-1

[Event "Boxer mem."]
[Site "Winnipeg CAN"]
[Date "2012.10.20"]
[Round "3"]
[White "Baron, Cody"]
[Black "Pang, Michael"]
[Result "1-0"]
[WhiteElo "1746"]
[BlackElo "1904"]
[PlyCount "77"]
[GameId "2160767909411707"]
[EventDate "2012.10.20"]
[EventType "swiss"]
[EventRounds "5"]
[EventCountry "CAN"]
[SourceTitle "EXT 2022"]
[Source "ChessBase"]
[SourceDate "2021.10.06"]
[SourceVersion "1"]
[SourceVersionDate "2021.10.06"]
[SourceQuality "1"]

1. Nf3 Nf6 2. d4 d5 3. c4 g6 4. Nc3 Bg7 5. Qb3 c6 6. Bf4 O-O 7. e3 e6 8. Be2 Nbd7 9. h3 dxc4 10. Bxc4 Nd5 11. Bh2 N7f6 12. O-O b6 13. Rac1 Bb7 14. Rfd1 Qe7 15. a3 Rac8 16. Be2 c5 17. Nb5 Rfd8 18. Nxa7 Ra8 19. Nb5 Ba6 20. Bf1 Ne4 21. Be5 f6 22. Bh2 Bh6 23. Qc2 Nxe3 24. Qxe4 Nxf1 25. Bd6 Qd7 26. dxc5 Qxb5 27. Qxe6+ Kh8 28. Rxf1 Qxb2 29. Be7 Bg7 30. Bxd8 Rxd8 31. Qxb6 Qxb6 32. cxb6 Bxf1 33. Kxf1 Bf8 34. b7 Bd6 35. Rc8 Rg8 36. a4 Kg7 37. a5 Rf8 38. a6 Bb8 39. Rxb8 1-0

[Event "Boxer mem."]
[Site "Winnipeg CAN"]
[Date "2012.10.20"]
[Round "3"]
[White "Campbell, Jamie"]
[Black "Boron, Anthony"]
[Result "1/2-1/2"]
[WhiteElo "1668"]
[BlackElo "2037"]
[PlyCount "141"]
[GameId "2160767909411708"]
[EventDate "2012.10.20"]
[EventType "swiss"]
[EventRounds "5"]
[EventCountry "CAN"]
[SourceTitle "EXT 2022"]
[Source "ChessBase"]
[SourceDate "2021.10.06"]
[SourceVersion "1"]
[SourceVersionDate "2021.10.06"]
[SourceQuality "1"]

1. Nf3 d5 2. c4 e6 3. b3 Nf6 4. g3 dxc4 5. bxc4 Nc6 6. Bb2 Be7 7. Bg2 O-O 8. O-O Rb8 9. d4 Na5 10. Qc2 b6 11. Rd1 Bb7 12. Nbd2 Qc8 13. e4 Rd8 14. d5 Ne8 15. Nf1 c6 16. Ne1 cxd5 17. cxd5 exd5 18. exd5 Nc4 19. Rac1 Nxb2 20. Qxb2 Qd7 21. Ne3 Nd6 22. Nd3 Bf6 23. Qb3 Rbc8 24. Nb4 Rxc1 25. Rxc1 Bg5 26. f4 Bf6 27. Nc6 Rc8 28. Qd1 Nb5 29. a4 Bxc6 30. dxc6 Qxd1+ 31. Nxd1 Nd4 32. Kf2 Be7 33. Nb2 Ba3 34. Rb1 Bxb2 35. Rxb2 Nxc6 36. Rc2 Ne7 37. Rxc8+ Nxc8 38. Ke3 Nd6 39. Kd4 Kf8 40. Kd5 Ke7 41. Kc6 g6 42. Bd5 h6 43. Bb3 f6 44. Bd5 g5 45. fxg5 fxg5 46. Bb3 Ne4 47. Bd5 Nc3 48. Bb3 Ne4 49. Bd5 Nd2 50. Bg2 Nb3 51. Bf1 Kf6 52. Kb7 Nc5+ 53. Kxa7 Nxa4 54. Ka6 Ke5 55. Kb5 Nc3+ 56. Kxb6 Nd5+ 57. Kc5 Ne3 58. Be2 Ke4 59. Kd6 Nf5+ 60. Kc5 Ke3 61. Bg4 Nxg3 62. hxg3 Kf2 63. Kd4 Kxg3 64. Bh5 Kh4 65. Bf7 h5 66. Ke3 Kg4 67. Kf2 h4 68. Be6+ Kf4 69. Kg2 Ke5 70. Bg4 Ke4 71. Kh3 1/2-1/2

[Event "Boxer mem."]
[Site "Winnipeg CAN"]
[Date "2012.10.20"]
[Round "3"]
[White "Cleto, Sam"]
[Black "Leaden, Bruce"]
[Result "1-0"]
[WhiteElo "1834"]
[BlackElo "1567"]
[PlyCount "55"]
[GameId "2160767909411709"]
[EventDate "2012.10.20"]
[EventType "swiss"]
[EventRounds "5"]
[EventCountry "CAN"]
[SourceTitle "EXT 2022"]
[Source "ChessBase"]
[SourceDate "2021.10.06"]
[SourceVersion "1"]
[SourceVersionDate "2021.10.06"]
[SourceQuality "1"]

1. d4 d5 2. Nf3 Nf6 3. h3 e6 4. c4 b6 5. cxd5 exd5 6. Nc3 Be7 7. Bg5 O-O 8. e3 c6 9. Bd3 Nbd7 10. Rc1 Bb7 11. Qc2 h6 12. Bh4 c5 13. Qd1 c4 14. Bb1 a6 15. Qc2 g6 16. O-O b5 17. Ne2 Ne4 18. Bg3 Nxg3 19. fxg3 Nf6 20. Ne5 Ne4 21. Qd1 Kg7 22. Kh2 f6 23. Nf4 Qd6 24. Nexg6 Rf7 25. Nxe7 Rxe7 26. Qg4+ Ng5 27. Nh5+ Kh8 28. Rxf6 1-0

[Event "Boxer mem."]
[Site "Winnipeg CAN"]
[Date "2012.10.20"]
[Round "3"]
[White "Li, Kevin"]
[Black "Moncal, Nilo"]
[Result "1/2-1/2"]
[WhiteElo "2220"]
[BlackElo "2105"]
[PlyCount "99"]
[GameId "2160767909411711"]
[EventDate "2012.10.20"]
[EventType "swiss"]
[EventRounds "5"]
[EventCountry "CAN"]
[SourceTitle "EXT 2022"]
[Source "ChessBase"]
[SourceDate "2021.10.06"]
[SourceVersion "1"]
[SourceVersionDate "2021.10.06"]
[SourceQuality "1"]

1. e4 e6 2. d4 d5 3. e5 c5 4. c3 Nc6 5. Nf3 Qb6 6. a3 Nge7 7. b4 cxd4 8. cxd4 Nf5 9. Bb2 Be7 10. Bd3 g6 11. Qd2 Bd7 12. Be2 h6 13. h4 O-O-O 14. g4 Ng7 15. Nc3 Rdf8 16. Rc1 Kb8 17. Na4 Qd8 18. Nc5 Bxc5 19. dxc5 Ne8 20. b5 Ne7 21. Qb4 Ka8 22. Nd4 Bc8 23. b6 Bd7 24. Qa5 Qb8 25. a4 Nc6 26. Nxc6 Bxc6 27. Bd4 Ng7 28. bxa7 Qxa7 29. Qb4 h5 30. f3 g5 31. a5 hxg4 32. fxg4 Rxh4 33. Rf1 Ne8 34. a6 Nc7 35. axb7+ Qxb7 36. Qa5+ Kb8 37. Kd2 Kc8 38. Rb1 Qa8 39. Qb6 Rh2 40. Ke1 Qa2 41. Rb2 Qa1+ 42. Bd1 Rxb2 43. Bxb2 Qa6 44. Bc1 Qxb6 45. cxb6 Na8 46. Bxg5 Nxb6 47. Be7 Rg8 48. Rxf7 Be8 49. Rf8 Rxf8 50. Bxf8 1/2-1/2

[Event "Boxer mem."]
[Site "Winnipeg CAN"]
[Date "2012.10.21"]
[Round "4"]
[White "Boron, Anthony"]
[Black "Gentes, Kevin"]
[Result "0-1"]
[WhiteElo "2037"]
[BlackElo "2253"]
[PlyCount "46"]
[GameId "2160767909411712"]
[EventDate "2012.10.20"]
[EventType "swiss"]
[EventRounds "5"]
[EventCountry "CAN"]
[SourceTitle "EXT 2022"]
[Source "ChessBase"]
[SourceDate "2021.10.06"]
[SourceVersion "1"]
[SourceVersionDate "2021.10.06"]
[SourceQuality "1"]

1. e4 c5 2. c3 Nf6 3. e5 Nd5 4. Bc4 e6 5. Bxd5 exd5 6. d4 d6 7. Nf3 Nc6 8. Bg5 Qb6 9. Qb3 Be6 10. Qxb6 axb6 11. exd6 Bxd6 12. Na3 Ra5 13. Nc2 O-O 14. O-O f6 15. Be3 Bf5 16. Rfc1 Rfa8 17. a3 Rb5 18. b4 Bxc2 19. c4 dxc4 20. bxc5 bxc5 21. Rxc2 cxd4 22. Nxd4 Nxd4 23. Bxd4 Rxa3 0-1

[Event "Boxer mem."]
[Site "Winnipeg CAN"]
[Date "2012.10.21"]
[Round "4"]
[White "Cleto, Sam"]
[Black "Kaptsan, Aron"]
[Result "0-1"]
[WhiteElo "1834"]
[BlackElo "2087"]
[PlyCount "158"]
[GameId "2160767909411713"]
[EventDate "2012.10.20"]
[EventType "swiss"]
[EventRounds "5"]
[EventCountry "CAN"]
[SourceTitle "EXT 2022"]
[Source "ChessBase"]
[SourceDate "2021.10.06"]
[SourceVersion "1"]
[SourceVersionDate "2021.10.06"]
[SourceQuality "1"]

1. Nf3 Nf6 2. c4 c5 3. Nc3 g6 4. e4 d6 5. d4 cxd4 6. Qxd4 Bg7 7. h3 O-O 8. Qd1 Qc7 9. Bd3 a6 10. O-O Nbd7 11. Rb1 Nb6 12. b3 Bd7 13. Bb2 Bc6 14. Nd5 Qd8 15. Bxf6 exf6 16. Nd4 Bxd5 17. exd5 f5 18. Nf3 Re8 19. Qd2 Nd7 20. Rfe1 Nc5 21. Rxe8+ Qxe8 22. Re1 Qd7 23. b4 Na4 24. Rc1 Re8 25. Rc2 Re7 26. Bf1 Qd8 27. Nd4 Nb6 28. Nf3 Nd7 29. c5 Ne5 30. cxd6 Nxf3+ 31. gxf3 Rd7 32. Qc1 Qf6 33. Rc8+ Bf8 34. Rc7 Qxd6 35. Rxd7 Qxd7 36. Qc4 Bd6 37. b5 a5 38. a4 Qe7 39. Qc8+ Kg7 40. Qc3+ Be5 41. Qd2 b6 42. Qe3 Qd6 43. Bc4 Qf6 44. f4 Bd4 45. Qf3 Bc5 46. Kg2 Qd4 47. Bb3 Qb4 48. Kg3 Bd6 49. h4 h6 50. Bc2 Qd2 51. Bd3 Bxf4+ 52. Kg2 Bd6 53. h5 Qa2 54. Be2 Qxa4 55. Qc3+ Kh7 56. Qf6 Qe4+ 57. Bf3 Qe7 58. Qd4 Bc5 59. Qd3 a4 60. Qc4 a3 61. d6 Bxd6 62. hxg6+ fxg6 63. Bd5 Bc5 64. Bg8+ Kg7 65. Be6 Kf6 66. Bd5 Qe5 67. Qh4+ Kg7 68. Qd8 Qe7 69. Qg8+ Kf6 70. Qh8+ Kg5 71. Qc3 Qe2 72. Qc1+ f4 73. Qg1 Qg4+ 74. Kh2 Qxg1+ 75. Kxg1 Kf5 76. Kg2 g5 77. f3 h5 78. Bf7 g4 79. fxg4+ hxg4 0-1

[Event "Boxer mem."]
[Site "Winnipeg CAN"]
[Date "2012.10.21"]
[Round "4"]
[White "Gannon, Keith"]
[Black "Platt, Alex"]
[Result "1-0"]
[WhiteElo "1632"]
[BlackElo "2204"]
[PlyCount "29"]
[GameId "2160767909411714"]
[EventDate "2012.10.20"]
[EventType "swiss"]
[EventRounds "5"]
[EventCountry "CAN"]
[SourceTitle "EXT 2022"]
[Source "ChessBase"]
[SourceDate "2021.10.06"]
[SourceVersion "1"]
[SourceVersionDate "2021.10.06"]
[SourceQuality "1"]

1. e4 Nf6 2. e5 Nd5 3. d4 Nb6 4. Nf3 d6 5. c4 Bg4 6. exd6 cxd6 7. Nc3 g6 8. Be3 Na6 9. a3 Bg7 10. h3 Bxf3 11. Qxf3 Qd7 12. c5 Qe6 13. Bxa6 Bxd4 14. Bxb7 Bxe3 15. fxe3 1-0

[Event "Boxer mem."]
[Site "Winnipeg CAN"]
[Date "2012.10.21"]
[Round "4"]
[White "Leaden, Bruce"]
[Black "Platt, Alex"]
[Result "1-0"]
[WhiteElo "1567"]
[BlackElo "2204"]
[PlyCount "31"]
[GameId "2160767909411715"]
[EventDate "2012.10.20"]
[EventType "swiss"]
[EventRounds "5"]
[EventCountry "CAN"]
[SourceTitle "EXT 2022"]
[Source "ChessBase"]
[SourceDate "2021.10.06"]
[SourceVersion "1"]
[SourceVersionDate "2021.10.06"]
[SourceQuality "1"]

1. e4 d6 2. d4 e5 3. dxe5 dxe5 4. Qxd8+ Kxd8 5. Nc3 c6 6. Bg5+ f6 7. O-O-O+ Kc7 8. Be3 Be6 9. f4 Nd7 10. Nf3 Nh6 11. h3 Bd6 12. g3 Bf7 13. Rh2 exf4 14. Bxf4 Bh5 15. Rf2 Bxf3 16. Bxd6+ 1-0

[Event "Boxer mem."]
[Site "Winnipeg CAN"]
[Date "2012.10.21"]
[Round "4"]
[White "Melamedoff, Gustavo"]
[Black "Baron, Cody"]
[Result "1-0"]
[WhiteElo "2097"]
[BlackElo "1746"]
[PlyCount "45"]
[GameId "2160767909411716"]
[EventDate "2012.10.20"]
[EventType "swiss"]
[EventRounds "5"]
[EventCountry "CAN"]
[SourceTitle "EXT 2022"]
[Source "ChessBase"]
[SourceDate "2021.10.06"]
[SourceVersion "1"]
[SourceVersionDate "2021.10.06"]
[SourceQuality "1"]

1. e4 e6 2. d4 d5 3. Nc3 Bb4 4. e5 Qd7 5. a3 Bf8 6. f4 b6 7. Nf3 Bb7 8. Be3 Nc6 9. Bd3 O-O-O 10. Qe2 Nh6 11. O-O f6 12. b4 Nf7 13. Nd1 f5 14. c3 Be7 15. Bb5 Rdg8 16. a4 Qd8 17. a5 Nb8 18. axb6 axb6 19. c4 c6 20. cxd5 exd5 21. Qc2 Qd7 22. Ra7 Kd8 23. e6 1-0

[Event "Boxer mem."]
[Site "Winnipeg CAN"]
[Date "2012.10.21"]
[Round "4"]
[White "Pang, Michael"]
[Black "Wasserman, Leor"]
[Result "1-0"]
[WhiteElo "1904"]
[BlackElo "2006"]
[PlyCount "165"]
[GameId "2160767909411717"]
[EventDate "2012.10.20"]
[EventType "swiss"]
[EventRounds "5"]
[EventCountry "CAN"]
[SourceTitle "EXT 2022"]
[Source "ChessBase"]
[SourceDate "2021.10.06"]
[SourceVersion "1"]
[SourceVersionDate "2021.10.06"]
[SourceQuality "1"]

1. e4 c5 2. Nf3 d6 3. d4 Nf6 4. Nc3 cxd4 5. Nxd4 e5 6. Nb3 Be7 7. Bc4 O-O 8. O-O Nbd7 9. Be3 Nb6 10. Be2 Be6 11. f4 exf4 12. Bxf4 Rc8 13. Nd4 Nc4 14. Nxe6 fxe6 15. Bxc4 Qb6+ 16. Kh1 Rxc4 17. e5 dxe5 18. Bxe5 Ng4 19. Rxf8+ Bxf8 20. Qe2 Nf2+ 21. Kg1 Nh3+ 22. Kh1 Nf2+ 23. Kg1 Nd3+ 24. Kf1 Nxe5 25. Qxe5 Rc5 26. Qe3 Rf5+ 27. Ke2 Bc5 28. Qe4 Rf2+ 29. Ke1 Rf6 30. Na4 Bf2+ 31. Ke2 Qb5+ 32. Kd2 Qd7+ 33. Ke2 Qb5+ 34. Kd2 e5 35. Rd1 Rf4 36. Nc3 Qd7+ 37. Qd5+ Qxd5+ 38. Nxd5 Rd4+ 39. Ke2 Rxd1 40. Kxd1 Kf7 41. Ke2 Bg1 42. h3 Bc5 43. Kd3 Ke6 44. Ke4 Bd6 45. Ne3 g6 46. c4 a5 47. a3 b6 48. Nd5 Bc5 49. g4 Bd4 50. b4 a4 51. g5 Kd6 52. Ne3 Bc3 53. Kd3 Bd4 54. Nd5 b5 55. Nf6 Bb2 56. Nxh7 Bxa3 57. cxb5 Bxb4 58. Nf8 a3 59. Kc2 e4 60. Nxg6 e3 61. Nf4 Kd7 62. g6 Ke8 63. h4 Kf8 64. h5 Kg7 65. Ne6+ Kg8 66. Nd4 Be7 67. Kb3 Bc5 68. Ne2 Kg7 69. Nf4 Kh6 70. g7 Kh7 71. h6 Bd6 72. Ne2 Bc5 73. Ka2 Bd6 74. b6 Bc5 75. b7 Bd6 76. Kb3 Bb8 77. Kxa3 Kg8 78. Kb4 Ba7 79. Kc3 Kh7 80. Kd3 Kg8 81. Nf4 Bb8 82. Nd5 Be5 83. Ne7+ 1-0

[Event "Boxer mem."]
[Site "Winnipeg CAN"]
[Date "2012.10.21"]
[Round "4"]
[White "Reimer, Bruce"]
[Black "Gannon, Keith"]
[Result "1/2-1/2"]
[WhiteElo "1568"]
[BlackElo "1632"]
[PlyCount "110"]
[GameId "2160767909411718"]
[EventDate "2012.10.20"]
[EventType "swiss"]
[EventRounds "5"]
[EventCountry "CAN"]
[SourceTitle "EXT 2022"]
[Source "ChessBase"]
[SourceDate "2021.10.06"]
[SourceVersion "1"]
[SourceVersionDate "2021.10.06"]
[SourceQuality "1"]

1. c4 Nf6 2. g3 g6 3. Bg2 Bg7 4. Nc3 d6 5. d4 O-O 6. Nf3 c6 7. e4 Bg4 8. h3 Bxf3 9. Bxf3 e5 10. Be3 Nbd7 11. O-O Re8 12. a4 exd4 13. Bxd4 Ne5 14. Bxe5 Rxe5 15. Qd3 Qc7 16. Rfd1 Rd8 17. b4 a6 18. Bg2 Ree8 19. Rac1 Qb6 20. b5 axb5 21. cxb5 cxb5 22. Nxb5 Bf8 23. Rc7 h5 24. Qc4 d5 25. exd5 Bd6 26. Nxd6 Rxd6 27. Qc5 Qxc5 28. Rxc5 Ra8 29. a5 Ne8 30. Rdc1 Kg7 31. Rc8 Rxc8 32. Rxc8 Nf6 33. Rc5 Ra6 34. Rb5 Ne8 35. Rxb7 Rxa5 36. Rb6 Ra1+ 37. Kh2 Rd1 38. f4 Rd2 39. Kg1 Kf8 40. Bf3 Rd3 41. Kf2 Ke7 42. Ke2 Ra3 43. g4 hxg4 44. hxg4 Rc3 45. Rc6 Rxc6 46. dxc6 Nc7 47. Kd3 f6 48. Kd4 Kd6 49. Be4 Ne6+ 50. Ke3 g5 51. fxg5 Nxg5 52. Kf4 Ne6+ 53. Kf5 Ke7 54. Bd5 Nc7 55. Ke4 Ne8 1/2-1/2

[Event "Boxer mem."]
[Site "Winnipeg CAN"]
[Date "2012.10.21"]
[Round "5"]
[White "Gannon, Keith"]
[Black "Cleto, Sam"]
[Result "0-1"]
[WhiteElo "1632"]
[BlackElo "1834"]
[PlyCount "94"]
[GameId "2160767909411720"]
[EventDate "2012.10.20"]
[EventType "swiss"]
[EventRounds "5"]
[EventCountry "CAN"]
[SourceTitle "EXT 2022"]
[Source "ChessBase"]
[SourceDate "2021.10.06"]
[SourceVersion "1"]
[SourceVersionDate "2021.10.06"]
[SourceQuality "1"]

1. e4 e5 2. Nf3 Nc6 3. Bc4 Bc5 4. O-O Nf6 5. Nc3 O-O 6. a3 d6 7. b4 Bb6 8. Bb2 Bg4 9. h3 Bh5 10. Re1 Nd4 11. Be2 Nxe2+ 12. Qxe2 c6 13. Na4 Bc7 14. c4 a6 15. Qd3 b5 16. cxb5 axb5 17. Nc3 Bb6 18. Nh2 Qd7 19. Nf1 Bg6 20. Qe2 Nh5 21. Qd1 f5 22. Qb3+ Kh8 23. a4 fxe4 24. Ne3 bxa4 25. Rxa4 Nf4 26. Rxa8 Rxa8 27. Ra1 Rf8 28. Rf1 Nd3 29. Na4 Ba7 30. Ba1 Qb7 31. Bc3 d5 32. Ng4 d4 33. Ba1 h5 34. Nh2 Bf7 35. Qa3 Qxb4 36. Qxb4 Nxb4 37. g4 g6 38. Rc1 Bd5 39. Nc5 Bxc5 40. Rxc5 Nd3 41. Ra5 Nxf2 42. h4 hxg4 43. Ra7 Nh3+ 44. Kg2 e3+ 45. Kg3 exd2 46. Nxg4 d1=Q 47. Kxh3 Qf3+ 0-1

[Event "Boxer mem."]
[Site "Winnipeg CAN"]
[Date "2012.10.21"]
[Round "5"]
[White "Gentes, Kevin"]
[Black "Li, Kevin"]
[Result "1-0"]
[WhiteElo "2253"]
[BlackElo "2220"]
[PlyCount "65"]
[GameId "2160767909411721"]
[EventDate "2012.10.20"]
[EventType "swiss"]
[EventRounds "5"]
[EventCountry "CAN"]
[SourceTitle "EXT 2022"]
[Source "ChessBase"]
[SourceDate "2021.10.06"]
[SourceVersion "1"]
[SourceVersionDate "2021.10.06"]
[SourceQuality "1"]

1. d4 f5 2. g3 Nf6 3. Bg2 g6 4. c4 Bg7 5. Nf3 d6 6. b4 c5 7. Bb2 cxd4 8. Bxd4 Nc6 9. Bc3 Qb6 10. O-O Nxb4 11. Qa4+ Nc6 12. Na3 O-O 13. Rab1 Qd8 14. Nd2 Qd7 15. Qb3 Kh8 16. Rfd1 Qe8 17. Nb5 Rb8 18. Qb2 Qf7 19. Bxc6 bxc6 20. Nxd6 exd6 21. Qxb8 Ne4 22. Bxg7+ Kxg7 23. Qb2+ Kg8 24. f3 Ng5 25. Qd4 Qe7 26. f4 Nh3+ 27. Kf1 g5 28. Nf3 gxf4 29. Qxd6 Qe4 30. Rb2 Ba6 31. Rb8 Bc8 32. Qh6 Re8 33. Rd2 1-0